Análisis arquetípico, mítico y simbólico de Pedro Páramo /

En esta obra, Nicolás Emilio Alvarez, con ayuda de algunos principios estructuralistas, realiza un examen del trasfondo mitológico grecorromano de Pedro Páramo y revisa la influencia de la mitología mesoamericana; asimismo, con base en las teorías de psicología profunda, pone de manifiesto los diver...

Descrizione completa

Salvato in:
Dettagli Bibliografici
Autore principale: Alvarez, Nicolás Emilio (autor)
Natura: Libro
Lingua:spagnolo
Pubblicazione: Miami, EUA : Universal, 1983, c1983
Serie:(Polymita)
Soggetti:
Tags: Aggiungi Tag
Nessun Tag, puoi essere il primo ad aggiungerne!!

MARC

LEADER 00000nam^a2200000^a^4500
001 000153936
005 20250521000000.0
009 20260310100336.788
020 |a 0-89729-330-4 
037 |a Acervo ITESO - Biblioteca 
041 |a ESP 
082 |a 860. 9720633  |b ALV 
100 |a Alvarez, Nicolás Emilio  |e (autor) 
245 1 0 |a Análisis arquetípico, mítico y simbólico de Pedro Páramo /  |c N.E. Alvarez. 
264 4 |a Miami, EUA :  |b Universal,  |c 1983, c1983 
300 |a 139 p. 
336 |a texto  |b txt  |2 rdacontenido 
337 |a sin mediación  |b n  |2 rdamedio 
338 |a volumen  |b nc  |2 rdasoporte 
440 1 |a (Polymita) 
520 |a En esta obra, Nicolás Emilio Alvarez, con ayuda de algunos principios estructuralistas, realiza un examen del trasfondo mitológico grecorromano de Pedro Páramo y revisa la influencia de la mitología mesoamericana; asimismo, con base en las teorías de psicología profunda, pone de manifiesto los diversos patrones arquetípicos que caracterizan la narración. 
649 |a XX 
650 |a Escritores Jaliscienses 
650 |a Escritores Mexicanos 
650 |a Novela Jalisciense -  |x Historia y Crítica 
650 |a Novela Mexicana -  |x Historia y Crítica 
650 |a Literatura Jalisciense -  |y 1950-1959 
650 |a Literatura Mexicana -  |y 1950-1959 
650 |a Literatura Jalisciense -  |y Siglo XX 
650 |a Literatura Mexicana -  |y Siglo XX 
650 |a Literatura Jalisciense -  |x Historia y Crítica 
650 |a Literatura Mexicana -  |x Historia y Crítica 
650 |a Arquetipos 
650 |a Simbolismo 
650 |a Mitología Griega 
650 |a Mitología Azteca 
650 |a Mitología Nahua 
650 |a Análisis del Discurso 
650 |a Estructuralismo 
650 |a Semántica 
650 |a Semiótica y Literatura 
650 |a Lingüística 
650 |a Psicología y Literatura 
650 |a Rulfo, Juan 
910 |a Fondo General 
920 |a Impresos - Libros 
930 |a Colección General 
940 |a Literatura 
905 |a 101 
901 |a 0500085594  |b IT1  |c LIT  |u 20250521 
902 |a https://opac.biblio.iteso.mx/vufind/Record/000153936